Glass bottles for carbonated soft drinks.

Bibliographic Details
Corporate Author: National Institute of Standards and Technology (U.S.)
Format: Government Document Book
Language:English
Published: Gaithersburg, MD : U.S. Dept. of Commerce, National Institute of Standards and Technology ; [1989]
Series:Voluntary product standard ; PS 73-89.
Subjects:

MARC

Tag First Indicator Second Indicator Subfields
LEADER 00000cam a2200000 a 4500
001 in00000899682
005 20150924090121.0
008 890922s1989 mdua 00000 eng d
010 |a gp 90001811  
020 |c $1.25 
035 |a (OCoLC)20381944 
035 |9 AEN3659AM 
037 |a 003-003-02958-1  |b GPO 
040 |a HOU  |c HOU  |d GPO  |d UtOrBLW 
043 |a n-us--- 
074 |a 243 
086 0 |a C 13.20/2:73-89 
245 0 0 |a Glass bottles for carbonated soft drinks. 
264 1 |a Gaithersburg, MD :  |b U.S. Dept. of Commerce, National Institute of Standards and Technology ;  |c [1989] 
264 2 |a Washington, DC :  |b For sale by the Supt. of Docs., U.S. G.P.O., 
300 |a iii, 11 pages :  |b illustrations ;  |c 28 cm. 
336 |a text  |b txt  |2 rdacontent 
337 |a unmediated  |b n  |2 rdamedia 
338 |a volume  |b nc  |2 rdacarrier 
490 1 |a Voluntary product standard ;  |v PS 73-89 
500 |a Cover title. 
500 |a Shipping list number: 89-508-P. 
500 |a "July 1989"--P. [2] of cover. 
650 0 |a Carbonated beverage bottles  |z United States  |x Standards. 
710 2 |a National Institute of Standards and Technology (U.S.) 
830 0 |a Voluntary product standard ;  |v PS 73-89. 
999 |a MARS 
999 f f |s b1a6430e-1d15-3d18-95b5-6d4a17fb5107  |i 5400af75-0a41-31ec-8f1e-e615f08aa272  |t 0 
952 f f |p normal  |a Texas A&M University  |b College Station  |c Sterling C. Evans Library  |d Evans: US Documents (Annex 5th floor)  |t 0  |e C 13.20/2:73-89  |h Superintendent of Documents classification  |i unmediated -- volume  |m A14814941906 
998 f f |a C 13.20/2:73-89  |t 0  |l Evans: US Documents (Annex 5th floor)